Th-Mphil-Co-occurrence of antibiotic resistance and virulence genes in methicillin resistant staphylococcus aureus (MRSA) (Record no. 479978)
[ view plain ]
| 000 -LEADER | |
|---|---|
| fixed length control field | 00419nam a22001337a 4500 |
| 003 - CONTROL NUMBER IDENTIFIER | |
| control field | ASAB |
| 005 - DATE AND TIME OF LATEST TRANSACTION | |
| control field | 20180827062614.0 |
| 008 - FIXED-LENGTH DATA ELEMENTS--GENERAL INFORMATION | |
| fixed length control field | 160202t xxu||||| |||| 00| 0 eng d |
| 040 ## - CATALOGING SOURCE | |
| Transcribing agency | ASAB |
| 100 ## - MAIN ENTRY--PERSONAL NAME | |
| Personal name | Ufaq Tasneem-sup-Dr. Saadia Andleeb |
| 9 (RLIN) | 1527 |
| 245 ## - TITLE STATEMENT | |
| Title | Th-Mphil-Co-occurrence of antibiotic resistance and virulence genes in methicillin resistant staphylococcus aureus (MRSA) |
| 300 ## - PHYSICAL DESCRIPTION | |
| Extent | 114 p |
| 942 ## - ADDED ENTRY ELEMENTS (KOHA) | |
| Source of classification or shelving scheme | |
| Koha item type | |
| Withdrawn status | Lost status | Source of classification or shelving scheme | Damaged status | Not for loan | Collection code | Permanent Location | Current Location | Date acquired | Total Checkouts | Full call number | Barcode | Date last seen | Date last checked out | Price effective from | Koha item type | Shelving location |
|---|---|---|---|---|---|---|---|---|---|---|---|---|---|---|---|---|
| Atta-ur-Rahman School of Applied Biosciences (ASAB) | Atta-ur-Rahman School of Applied Biosciences (ASAB) | 02/02/2016 | 1 | Thesis Ufaq Tasneem | ASABMS-17-15 | 04/24/2018 | 11/09/2016 | 02/02/2016 | ||||||||
| Central Library (CL) | Central Library (CL) | 01/27/2020 | 660 | CL-T-4788 | 01/27/2020 | 01/27/2020 | Thesis | Thesis |
